000 00443 a2200181 4500
005 20260424152625.0
008 260424b |||||||| |||| 00| 0 eng d
020 _a9788178806594
_cRs. 895.00
040 _aMAIN
082 _a954
_bS23M
100 _aSharma, Lalita
245 _aModern Indian history
260 _bRajat Publications
_aNew Delhi
_c2023
300 _a295
650 _aHistory
650 _aIndian History
942 _cBK
999 _c394651
_d394651